Spell the World's Longest Place Names - Statistics

General Stats
  • This quiz has been taken 111 times
  • The average score is 2 of 6
Answer Stats
Country Letters Answer % Correct
United Kingdom 58 Llanfairpwllgwyngyllgogerychwyrndrobwllllantysiliogogogoch
75%
New Zealand 85 Taumatawhakatangihangakoauauotamateaturipukakapikimaungahoronukupokaiwhenuakitanatahu
52%
United States 45 Chargoggagoggmanchauggagoggchaubunagungamaugg
40%
South Africa 44 Tweebuffelsmeteenskootmorsdoodgeskietfontein
21%
Finland 35 Äteritsiputeritsipuolilautatsijänkä
19%
Canada 31 Pekwachnamaykoskwaskwaypinwanik
17%
No matching quizzes found
Score Distribution
Percent of People with Each Score
Percentile by Number Answered
Your Score History
You have not taken this quiz